00682cam a22002291 4500001000800000005001700008008004100025010001700066040001800083041000800101043001200109080001300121082001300134100000700147101000800154245007400162504003000236906004500266942001200311999001700323952011200340358311620180301082059.0730515s1954 nyuach b 000 0ceng  a 54011180  aDLCcDLCdDLC aeng an-usp-- a978 DAV00a978 DAV1 a16 aHIS10aPictorial history of the wild West;cby James D. Horan and Paul Sann. aBibliography: p. 248-250. a7bcbccorignewdueocipf19gy-gencatlg 2ddccBK c43853d43853 00102udc40708PËKGa002b002cPËKGd2018-03-01l0o978 DAVp002-3000288r2018-03-01w2018-03-01yBK